Successful sign design : (Record no. 5818)

MARC details
000 -LEADER
fixed length control field 01055cam a22002777i 4500
001 - CONTROL NUMBER
control field 23478187
003 - CONTROL NUMBER IDENTIFIER
control field OSt
005 - DATE AND TIME OF LATEST TRANSACTION
control field 20260429154747.0
008 - FIXED-LENGTH DATA ELEMENTS--GENERAL INFORMATION
fixed length control field 231221s1989 nyua b 001 0 eng
010 ## - LIBRARY OF CONGRESS CONTROL NUMBER
LC control number 2023301841
020 ## - INTERNATIONAL STANDARD BOOK NUMBER
International Standard Book Number 0934590496
Qualifying information (hbk.)
035 ## - SYSTEM CONTROL NUMBER
System control number 23478187
040 ## - CATALOGING SOURCE
Original cataloging agency DLC
Language of cataloging eng
Description conventions rda
Transcribing agency Foundation University
050 00 - LIBRARY OF CONGRESS CALL NUMBER
Classification number NC 1002.S54
Item number S83 1992
245 00 - TITLE STATEMENT
Title Successful sign design :
Remainder of title by the editors of signs of the Times magazine.
264 #1 - PRODUCTION, PUBLICATION, DISTRIBUTION, MANUFACTURE, AND COPYRIGHT NOTICE
Place of production, publication, distribution, manufacture New York :
Name of producer, publisher, distributor, manufacturer Retail Reporting Corporation,
Date of production, publication, distribution, manufacture, copy right date 1992
Copyright Date 1992
300 ## - PHYSICAL DESCRIPTION
Extent 255 pages :
Other physical details chiefly color illustrations ;
Dimensions 32 cm
Materials specified books
Type of unit books
336 ## - CONTENT TYPE
Content type term text
Content type code txt
Source rdacontent
Materials specified books
337 ## - MEDIA TYPE
Media type term unmediated
Media type code n
Source rdamedia
Materials specified books
338 ## - CARRIER TYPE
Carrier type term volume
Carrier type code nc
Source rdacarrier
Materials specified books
504 ## - BIBLIOGRAPHY, ETC. NOTE
Bibliography, etc. note Includes bibliographical references and index.
906 ## - LOCAL DATA ELEMENT F, LDF (RLIN)
a 7
b cbc
c orignew
d 4
e ncip
f 20
g y-gencatlg
942 ## - ADDED ENTRY ELEMENTS (KOHA)
Source of classification or shelving scheme Library of Congress Classification
Koha item type Books
Classification part NC 1002.S54
Item part .1992 S83
Call number prefix (DAFA-FA)
Holdings
Withdrawn status Lost status Source of classification or shelving scheme Damaged status Not for loan Collection code Home library Current library Shelving location Date acquired Source of acquisition Total Checkouts Full call number Barcode Date last seen Price effective from Koha item type Accession Number
    Library of Congress Classification     Non-fiction Foundation University Library Foundation University Library DoArchitecture & Fine Arts 04/29/2026 Donations   (DAFA-FA) NC 1002.S54 .1992 S83 0192026003338 04/29/2026 04/29/2026 Books DAFA-2026338